000 00862nam a22002297a 4500
005 2010080505125.0
010 _aENG-98359
020 _a8174876146
_c500.00
020 _a9788174876140
_c500.00
035 _aEN-81892
037 _bDBAD/PUB
082 _a301.153
100 _aAndrews, C. F.
_910862
245 _aMahatma Gandhi his life and ideas /
_cby C. F. Andrews
260 _aNew Delhi
_bRadha Publications
_c2009
270 _a4231/1 Ansari Road, Daryaganj
_bNew Delhi
300 _a382p.
_c22cm (Hb)
500 _aIncludes bibliographical references and index
650 _aGandhi, Mahatma (1889-1948) political and social views- biography
_910863
942 _2ddc
_cEN
_h301.153
_mAND
999 _c39568
_d39568